000 00993nam a2200265Ia 4500
003 OSt
005 20220923211236.0
006 a|||||r|||| 00| 0
007 ta
008 220922b |||||||| |||| 00| 0 hin d
020 _a9788173054075 (hbk)
_c1250
024 _a250,543
037 _b10458, 04/02/2011, Aryan Books International
_cTextual
040 _aARTS
_cARTS
_bhin
041 _2hin
_ahin
082 _aV25213:71, 152Q1
100 _aजायसवाल, विदुला
245 0 _aआदिकाशी से वाराणासी तक
246 _aĀdikāshī se vārāṇāsī taka
260 _aनई दिल्ली
_b आर्यन बुक्स इन्टरनेशनल
_c2011
300 _a175पृ.
_ccm.
650 _aविश्व-इतिहास
942 _hV25213:71, 152Q1
_cTEXL
_2CC
999 _c297527
_d297527